[Event "Satka Autumn 2020"]
[Site "Satka"]
[Date "2020.10.24"]
[Round "4.11"]
[White "Doroshenko, Diana"]
[Black "Shamsutdinova, Karina"]
[Result "1/2-1/2"]
[WhiteElo "2214"]
[BlackElo "1762"]
[Annotator "TA"]
[PlyCount "83"]
[EventDate "2020.10.21"]
[EventType "swiss"]
[EventCountry "RUS"]
[SourceTitle "playchess.com"]
[Source "ChessBase"]
[SourceQuality "1"]

{[%evp 13,83,35,38,0,27,23,54,26,141,141,139,145,150,143,138,146,223,127,131,94,103,91,125,20,19,20,18,28,39,0,0,-85,0,0,0,0,0,0,-1,-1,0,0,40,45,37,23,27,25,60,63,70,59,171,162,176,176,143,81,87,31,30,52,175,177,169,0,0,0,0,0,0,0]} 1. c4 c5 2. Nf3 Nf6 3. Nc3 Nc6 4. e3 e6 5. d4 cxd4 6. exd4 d5 7. c5 Ne4 8. Bd2 {B14: Caro-Kann: Panov-Botvinnik Attack with 5...e6 and 5...g6.} e5 {[#]} 9. Bb5 $146 {Strongly threatening Nxe4.} ({Predecessor:} 9. Nxe4 dxe4 10. Nxe5 Qxd4 11. Nxc6 bxc6 12. Bc3 Qxc5 13. Rc1 Qg5 14. Qc2 Qg6 15. Ba5 Bd7 {0-1 (25) Palacz,K (2151)-Dudzinski,P (2080) Wysowa 2003}) 9... Nxc3 10. bxc3 {White is slightly better.} e4 (10... exd4 $1 $11 11. cxd4 Be7) 11. Ne5 $16 Bd7 12. Nxd7 Qxd7 13. O-O Be7 14. f3 exf3 (14... Rd8 $16 15. Qe2 O-O) 15. Rxf3 ({White should play} 15. Qxf3 $18 O-O 16. Bd3) 15... O-O 16. Rh3 g6 17. Bh6 Rfd8 18. Qf3 ({White should try} 18. Qd2 $16) 18... Nxd4 $1 $11 19. cxd4 Qxb5 20. Rf1 f6 21. Qf4 Qd7 22. Bg5 {[#]} (22. Rg3 $11 {remains equal.}) 22... f5 (22... Rf8 $1 $17 23. Bh6 Rfe8) 23. Rxh7 Bxg5 24. Rxd7 Bxf4 25. Rxd8+ Rxd8 26. Rxf4 {[%mdl 4096] Endgame KR-KR} Re8 27. Rf3 Kf7 28. Ra3 a6 29. Rb3 Re7 30. Rb6 Re4 31. Rxb7+ Ke6 32. Rb6+ Ke7 (32... Kf7 $14) 33. Rxg6 Rxd4 34. Rxa6 Rc4 {[#]} 35. c6 (35. Rc6 $142 $1) 35... Kd6 $16 36. Kf2 (36. Ra8 $16) 36... Rc2+ $14 37. Kf3 d4 (37... Rc3+ $1 $14 38. Kf4 Rc2) 38. h4 $18 {Hoping for h5.} d3 39. h5 $2 (39. Ra3 $18) 39... Rxg2 $1 $11 {White must now prevent ...d2.The position is equal.} 40. Ra3 Rh2 {And now ...Rh3+ would win.} 41. Rxd3+ Kxc6 42. Kf4 {Av CentiPawn Loss W=-20/B=-19. Weighted=-22/-18} 1/2-1/2

[Event "Satka Autumn 2020"]
[Site "Satka"]
[Date "2020.10.24"]
[Round "4.12"]
[White "Stroganova, Karina"]
[Black "Alekseeva, Irina"]
[Result "0-1"]
[WhiteElo "1825"]
[BlackElo "2110"]
[Annotator "ChessBase"]
[PlyCount "102"]
[EventDate "2020.10.21"]
[EventType "swiss"]
[EventCountry "RUS"]
[SourceTitle "playchess.com"]
[Source "ChessBase"]
[SourceQuality "1"]
[TimeControl "5400+30"]

1. b3 {[%emt 0:00:00]} d5 {[%emt 0:00:00]} 2. Bb2 {[%emt 0:00:00]} c5 {[%emt 0:00:00]} 3. e3 {[%emt 0:00:12]} Nc6 {[%emt 0:00:07]} 4. Bb5 {[%emt 0:01:50]} Qc7 {[%emt 0:00:19]} 5. f4 {[%emt 0:00:14]} Nf6 {[%emt 0:01:30]} 6. Nf3 {[%emt 0:00:40]} Bg4 {[%emt 0:01:01]} 7. O-O {[%emt 0:03:21]} O-O-O {[%emt 0:00:34]} 8. Bxc6 {[%emt 0:01:38]} Qxc6 {[%emt 0:01:08]} 9. Ne5 {[%emt 0:04:34]} Bxd1 {[%emt 0:04:56]} 10. Nxc6 {[%emt 0:00:08]} bxc6 {[%emt 0:00:27]} 11. Rxd1 {[%emt 0:00:05]} d4 {[%emt 0:02:04]} 12. exd4 {[%emt 0:00:56]} cxd4 {[%emt 0:00:09]} 13. Na3 {[%emt 0:02:16]} e6 {[%emt 0:07:38]} 14. Nc4 {[%emt 0:00:15]} Bc5 {[%emt 0:00:27]} 15. Kf1 {[%emt 0:01:38]} Kc7 {[%emt 0:09:00]} 16. a3 {[%emt 0:01:31]} d3 {[%emt 0:04:50]} 17. b4 {[%emt 0:03:12]} dxc2 {[%emt 0:02:34]} 18. Rdc1 {[%emt 0:00:18]} Bd4 {[%emt 0:02:38]} 19. Rxc2 {[%emt 0:00:47]} Bxb2 {[%emt 0:01:54]} 20. Nxb2 {[%emt 0:00:25]} Rd4 {[%emt 0:00:37]} 21. g3 {[%emt 0:00:34]} Rhd8 {[%emt 0:00:26]} 22. Nc4 {[%emt 0:02:01]} Ne4 {[%emt 0:02:59]} 23. Ke2 {[%emt 0:01:11]} h5 {[%emt 0:07:00]} 24. Rac1 {[%emt 0:05:23]} f5 {[%emt 0:04:59]} 25. Ne5 {[%emt 0:21:40]} Rxd2+ {[%emt 0:01:43]} 26. Ke3 {[%emt 0:05:55]} Rxc2 {[%emt 0:01:12]} 27. Rxc2 {[%emt 0:00:07]} Rd6 {[%emt 0:00:41]} 28. a4 {[%emt 0:05:06]} Nf6 {[%emt 0:11:09]} 29. b5 {[%emt 0:01:30]} Nd5+ {[%emt 0:02:13]} 30. Ke2 {[%emt 0:01:54]} Nb4 {[%emt 0:02:29]} 31. Rc4 {[%emt 0:02:40]} a5 {[%emt 0:00:06]} 32. bxa6 {[%emt 0:02:20]} Nxa6 {[%emt 0:00:14]} 33. h3 {[%emt 0:04:07]} c5 {[%emt 0:01:17]} 34. g4 {[%emt 0:01:12]} hxg4 {[%emt 0:00:06]} 35. hxg4 {[%emt 0:00:04]} Rb6 {[%emt 0:01:34]} 36. Nd3 {[%emt 0:04:55]} Kd6 {[%emt 0:00:46]} 37. Rc1 {[%emt 0:02:59]} Kd5 {[%emt 0:00:54]} 38. gxf5 {[%emt 0:00:30]} exf5 {[%emt 0:00:04]} 39. Rg1 {[%emt 0:00:25]} c4 {[%emt 0:06:45]} 40. Ne5 {[%emt 0:01:00]} Rb4 {[%emt 0:00:50]} 41. a5 {[%emt 0:01:17]} Ke4 {[%emt 0:01:46]} 42. Rxg7 {[%emt 0:01:51]} Kxf4 {[%emt 0:00:33]} 43. Nc6 {[%emt 0:00:24]} Rb2+ {[%emt 0:00:17]} 44. Kd1 {[%emt 0:00:10]} Nc5 {[%emt 0:00:22]} 45. Rc7 {[%emt 0:01:03]} c3 {[%emt 0:11:02]} 46. Nd4 {[%emt 0:01:50]} Rd2+ {[%emt 0:01:39]} 47. Kc1 {[%emt 0:00:50]} Nd3+ {[%emt 0:01:49]} 48. Kb1 {[%emt 0:00:06]} Nb4 {[%emt 0:04:22]} 49. Nb3 {[%emt 0:06:06]} Rb2+ {[%emt 0:00:37]} 50. Kc1 {[%emt 0:00:26]} Rxb3 {[%emt 0:00:22]} 51. Rc8 {[%emt 0:01:37]} c2 {[%emt 0:00:40]} 0-1

[Event "Satka Autumn 2020"]
[Site "Satka"]
[Date "2020.10.24"]
[Round "4.13"]
[White "Baranova, Elizaveta"]
[Black "Nasybullina, Dayana"]
[Result "1-0"]
[WhiteElo "1794"]
[BlackElo "1802"]
[Annotator "NA RC"]
[PlyCount "63"]
[EventDate "2020.10.21"]
[EventType "swiss"]
[EventCountry "RUS"]
[SourceTitle "playchess.com"]
[Source "ChessBase"]
[SourceQuality "1"]
[TimeControl "5400+30"]

{[%evp 8,58,38,28,25,29,32767,32767,32767,32767,24,56,61,32767,72,19,32767,72,32767,32767,32767,32767,32767,32767,154,32767,129,105,173,32767,32767,32767,32767,32767,32767,32767,32767,32767,296,296,311,145,124,82,262,270,292,256,853,868,1852,2327,29988]} 1. e4 {[%emt 0:00:00]} c5 {[%emt 0:00:00]} 2. Nf3 {[%emt 0:00:00]} e6 {[%emt 0:00:00]} 3. d4 {[%emt 0:00:00]} cxd4 {[%emt 0:00:00]} 4. Nxd4 {[%emt 0:00:00]} Nf6 {[%emt 0:00:00]} 5. Nc3 {[%emt 0:00:17]} d6 {[%emt 0:00:00]} 6. Be3 {[%emt 0:00:16]} Be7 {[%emt 0:00:21]} 7. f3 {[%emt 0:00:58]} a6 {[%emt 0:00:13]} 8. Qd2 {[%emt 0:03:08]} b5 {[%emt 0:00:35]} 9. g4 {[%emt 0:00:44]} h6 {[%emt 0:00:28] B80: Sicilian Scheveningen: 6 g3 and 6 Be3, including English Attack.} 10. Be2 {[%emt 0:06:13]} Bb7 {[%emt 0:01:09]} (10... b4 $11 {keeps the balance.} 11. Na4 Bd7) 11. O-O-O {[%emt 0:03:03]} Nc6 {[%emt 0:01:29] [#]} 12. h4 $1 {[%emt 0:05:48] [#]} Nxd4 $146 {[%emt 0:05:20]} ({Predecessor:} 12... Nd7 13. Nxc6 Bxc6 14. g5 h5 15. Bf4 b4 16. Bxd6 bxc3 17. Qxc3 Ba4 18. Qxg7 Rf8 {1-0 (25) Gawel,L-Broza,A Poland 2002}) 13. Qxd4 {[%emt 0:00:53]} e5 {[%emt 0:01:54]} 14. Qd2 {[%emt 0:00:54]} Qa5 {[%emt 0:03:03]} 15. a3 {[%emt 0:02:14]} O-O-O {[%emt 0:03:08]} 16. Kb1 {[%emt 0:00:47]} Kb8 {[%emt 0:05:06]} 17. Ba7+ {[%emt 0:08:20]} Kxa7 {[%emt 0:05:45]} 18. Nxb5+ {[%emt 0:00:07]} Kb6 {[%emt 0:01:31]} 19. b4 {[%emt 0:00:15]} Qa4 {[%emt 0:01:36]} 20. Qe3+ {[%emt 0:00:08]} Kc6 {[%emt 0:00:50]} 21. Qc3+ {[%emt 0:00:18]} Kd7 {[%emt 0:00:49]} 22. Qc7+ {[%emt 0:01:10]} Ke8 {[%emt 0:03:59]} 23. Qxb7 {[%emt 0:01:18]} Kf8 {[%emt 0:02:10]} 24. Na7 {[%emt 0:00:42]} (24. Nc7 $18 {and White stays clearly on top.}) 24... Rd7 {[%emt 0:07:07]} 25. Qb8+ {[%emt 0:05:17]} (25. Qb6 $142) 25... Rd8 $2 {[%emt 0:01:29] [#]} (25... Ne8 $16 {was worth a try.}) 26. Qb6 $1 {[%emt 0:00:42]} Nd7 {[%emt 0:06:46]} 27. Qc7 {[%emt 0:01:28]} ({And not} 27. Qxa6 Qxa6 28. Bxa6 Ra8 $15) 27... Qxa3 $2 {[%emt 0:13:35]} (27... Nb8 28. Nc8 Qd7 29. Qxd7 (29. Qxb8 Rxc8 30. Qb6 Rc6 $16) 29... Rxd7) 28. Nc6 {[%emt 0:01:05]} Ke8 {[%emt 0:08:25]} 29. Rxd6 {[%emt 0:04:46]} f6 {[%emt 0:06:18]} 30. Rhd1 {[%emt 0:01:50]} Bxd6 {[%emt 0:01:15]} 31. Qxd8+ {[%emt 0:00:16]} Kf7 {[%emt 0:00:04]} 32. Qxd7+ {[%emt 0:00:15]} 1-0

[Event "Satka Autumn 2020"]
[Site "Satka"]
[Date "2020.10.25"]
[Round "5.1"]
[White "Voit, Daria"]
[Black "Afonasieva, Anna"]
[Result "0-1"]
[WhiteElo "2343"]
[BlackElo "2279"]
[Annotator "TA"]
[PlyCount "106"]
[EventDate "2020.10.21"]
[EventType "swiss"]
[EventCountry "RUS"]
[SourceTitle "playchess.com"]
[Source "ChessBase"]
[SourceQuality "1"]

{[%evp 17,106,17,25,25,25,-31,75,0,21,10,11,12,20,9,12,0,0,0,0,0,0,0,36,15,30,-108,-92,-122,-130,-126,-136,-104,-57,-197,-191,-250,-244,-307,-315,-326,-320,-359,-316,-471,-428,-585,-577,-588,-551,-553,-308,-308,-308,-308,-308,-307,-303,-308,-308,-290,-233,-213,-185,-209,-172,-200,-177,-200,-139,-327,-323,-342,-342,-426,-415,-541,-479,-803,-547,-604,-604,-885,-879,-2665,-2546,-29996,-29997,-29997,-29998,-29998,-29999]} 1. d4 Nf6 2. Nf3 g6 3. c4 Bg7 4. Nc3 d5 5. Qb3 dxc4 6. Qxc4 O-O 7. e4 a6 8. Be2 b5 9. Qb3 Bb7 10. e5 {D97: Grünfeld: Russian System: 7 e4, replies other than 7...Bg4.} Nd5 11. a4 (11. Bg5 $11) 11... b4 {[#]} (11... c5 $15 {keeps the upper hand.}) 12. Nxd5 $146 (12. Ne4 $16) ({Predecessor:} 12. O-O a5 13. Nxd5 Bxd5 14. Bc4 c6 15. Be3 Nd7 16. Bxd5 cxd5 17. Rfc1 Nb6 18. Qd3 {½-½ (61) Potkin,V (2648)-Abrekov,M (2237) Dombai 2013}) 12... Bxd5 $11 13. Qxb4 Nc6 14. Qc3 Rb8 15. Be3 $1 (15. Bxa6 $2 Rb3 $19) 15... Rb3 16. Qc2 Qb8 17. O-O Rxb2 18. Qc5 Rd8 $36 {[%mdl 2048] Black fights for an advantage.} 19. Bxa6 {Black must now prevent Bb5.} Nb4 20. Bb5 {Strongly threatening Rfb1.} (20. Bc4 $5 {[%cal Ra1b1]} Rc2 21. Rfc1 $11) 20... c6 21. Qc1 {[#]} (21. Bc1 $1 $11 {was the only way to keep the balance.} Rc2 22. Qxb4 cxb5 23. axb5) 21... Ra2 $1 $17 ({Much worse is} 21... Rc2 $6 22. Qb1 $11) 22. Qc5 cxb5 23. Qxb4 bxa4 24. Qxe7 Re8 25. Rab1 (25. Qc5 $15 Rxa1 26. Rxa1) 25... Qa8 $19 {[%mdl 1024] Black has strong compensation.} 26. Qd7 (26. Qc7 {is a better defense.}) 26... a3 27. Rfc1 {[#]} Rb2 $1 {Hoping for ...Be6.} 28. Ra1 a2 29. Nd2 Reb8 ({Less strong is} 29... Bxg2 30. e6 $17) 30. f3 (30. Qg4 {was worth a try.}) 30... Bf8 31. h4 Be6 32. Qc6 Qxc6 33. Rxc6 Rb1+ 34. Nxb1 axb1=Q+ ({Don't do} 34... axb1=R+ 35. Rxb1 Rxb1+ 36. Kf2 $19) 35. Rxb1 Rxb1+ 36. Kf2 Rb2+ 37. Kg3 h5 38. Ra6 Rb8 39. Bg5 Kh7 40. Bf6 Bg7 41. Be7 Rb2 42. Ra8 Bc4 43. Ra1 $2 {Loses the game.} (43. Rc8 $17 Be6 44. Rd8) 43... Rd2 44. Bc5 Bh6 45. Ra7 Be3 46. Rd7 Be6 47. Rd6 (47. d5 $142 Bxd7 48. Bxe3 Rxd5 49. Kf4) 47... Bf2+ 48. Kf4 Bxh4 {Threatens to win with ...Re2.} 49. Ke3 Rxg2 50. Rb6 Bc4 51. Rb4 Re2+ {Black mates.} 52. Kf4 g5+ 53. Kf5 Be6+ {Av CentiPawn Loss W=-94/B=-29. Weighted=-79/-35} 0-1

[Event "Satka Autumn 2020"]
[Site "Satka"]
[Date "2020.10.25"]
[Round "5.2"]
[White "Protopopova, Anastasiya"]
[Black "Bivol, Alina"]
[Result "1-0"]
[WhiteElo "2210"]
[BlackElo "2393"]
[Annotator "TA"]
[PlyCount "136"]
[EventDate "2020.10.21"]
[EventType "swiss"]
[EventCountry "RUS"]
[SourceTitle "playchess.com"]
[Source "ChessBase"]
[SourceQuality "1"]

{[%evp 13,136,37,29,16,16,0,0,8,13,18,17,11,25,22,38,-6,7,0,82,79,84,87,92,89,145,139,125,132,177,180,178,182,177,174,211,63,418,416,351,366,377,373,380,329,306,110,287,252,225,247,318,308,308,311,311,0,203,0,308,287,342,327,409,399,393,370,336,197,208,206,246,185,259,283,370,316,495,491,531,504,514,222,417,114,114,113,114,114,106,60,63,70,157,140,63,60,140,133,414,400,1079,1056,990,975,856,766,1032,1557,1198,1083,2082,1642,1042,1283,1180,1138,4354,4631,2083,5055,4133,2306,1939,1685,933]} 1. d4 Nf6 2. c4 g6 3. Nc3 d5 4. Bg5 Ne4 5. Bh4 Nxc3 6. bxc3 dxc4 7. e3 Be6 8. Be2 {D80: Grünfeld: Unusual White 4th moves and 4 Bg5.} Bg7 9. Nh3 $1 {9.Nh3 scores better than 9.Nf3.} Bxh3 10. gxh3 {The position is equal.} O-O 11. O-O Nd7 12. Bxc4 Nb6 13. Bb3 {[#]} c5 $146 ({Predecessor:} 13... Nc8 14. Bg3 Nd6 15. Bd5 Qd7 16. Bg2 Rac8 17. a4 b6 18. Qe2 c6 19. Qa6 Rfd8 {½-½ (49) Dronov,A (2671)-Ham,S (2583) ICCF email 2016}) 14. Qf3 c4 15. Bc2 Qc7 (15... Qd7 $11 {remains equal.}) 16. a4 $16 Rad8 17. Rfb1 Rd7 18. Rb5 Qd8 (18... Nc8 $142) 19. Rab1 Bf6 20. Bg3 Kg7 21. e4 e6 22. a5 Nc8 23. e5 $36 {[%mdl 2048] White is on the roll.} Be7 24. Ba4 (24. Be4 $18) 24... h5 $2 {[%mdl 8192]} (24... b6 $1 $14) 25. Rxb7 $18 Rxb7 26. Rxb7 (26. Qxb7 Qxa5 27. Bd7 Nb6 $16) 26... Qxa5 27. Bd7 Qa3 {If only Black now had time for ...Nb6....} 28. Bxc8 Rxc8 29. Bh4 $2 (29. Bf4 $18 {has better winning chances.} Rf8 30. Be3) 29... Qc1+ $2 (29... Bxh4 $16 30. Qxf7+ {[%mdl 64] Double Attack} Kh6 31. Qg7+ Kg5 32. Qf6+ Kh6 33. Qxh4 Qc1+ 34. Kg2 Rf8) 30. Kg2 Bxh4 31. Qxf7+ {[%mdl 64] Double Attack} Kh6 32. Qg7+ ({Stronger than} 32. Rxa7 Qg5+ 33. Kh1 Qc1+ 34. Kg2 Qg5+ 35. Kh1 Qc1+ 36. Kg2 $11) 32... Kg5 33. Qf6+ Kh6 34. Qg7+ Kg5 35. Qf6+ (35. Qe7+ $142 $1 Kh6 36. Qxh4) 35... Kh6 36. Qxh4 {[%mdl 4096] Endgame KQR-KQR} Rf8 37. Qg3 $1 Qe1 {And now ...Qe4+ would win.} 38. Qe3+ Qxe3 39. fxe3 {KR-KR} Ra8 40. Rb4 (40. Re7 $142) 40... a5 41. Ra4 $1 (41. Rxc4 a4 $11) 41... g5 42. e4 ({Weaker is} 42. Rxc4 a4 $14) 42... Kg6 (42... Rb8 $142) 43. Kf3 (43. Rxc4 a4 $11) 43... Rb8 44. Rxc4 Rb2 (44... Ra8 {keeps fighting.} 45. Ra4 Rc8) 45. Rc6 Kf7 46. d5 Rxh2 47. Kg3 (47. Rxe6 $142 {aiming for Ke3.} Rxh3+ 48. Ke2) 47... Rc2 $2 (47... Re2 48. Rxe6 Rxe4) 48. d6 $2 (48. Rxe6 $18 {and White stays clearly on top. Rc6 is the strong threat.} Rxc3+ 49. Kf2) 48... Ke8 $16 49. Rc8+ Kd7 50. Rc7+ Kd8 51. c4 {[%cal Bc3c4,Bc4c5,Bc5c6][%mdl 32]} a4 52. c5 $1 a3 {[#]} (52... Rc3+ $14 53. Kg2 a3) 53. c6 $1 a2 54. Rd7+ Kc8 (54... Ke8 $1 $14 55. Re7+ Kd8 56. c7+ {[#]} Rxc7 $1 {[%mdl 512]} 57. dxc7+ Kxe7) 55. Ra7 {[%cal Ra7a8]} Rc3+ $2 {[%mdl 8192]} (55... Rxc6 $16 {was worth a try.} 56. Rxa2 Rc5) 56. Kf2 $18 {[%cal Ra7a8]} Rc2+ (56... Rxc6 $142 57. Rxa2 Rc5 58. Ra8+ Kd7) 57. Ke3 {[%cal Ra7a8] White is clearly winning.} Rxc6 58. Rxa2 Rc3+ 59. Kd4 Rxh3 60. Ra8+ Kd7 61. Ra7+ Kd8 62. Re7 Rh1 63. Rxe6 Rd1+ 64. Ke3 h4 65. Rh6 Kd7 66. Rh7+ Kc6 67. Rc7+ Kb6 68. Kf3 Rd3+ {Av CentiPawn Loss W=9/B=8. Weighted=-37/-18} 1-0

[Event "Satka Autumn 2020"]
[Site "Satka"]
[Date "2020.10.25"]
[Round "5.3"]
[White "Borisova, Ekaterina"]
[Black "Schepetkova, Margarita"]
[Result "1-0"]
[WhiteElo "2292"]
[BlackElo "2257"]
[Annotator "TA"]
[PlyCount "49"]
[EventDate "2020.10.21"]
[EventType "swiss"]
[EventCountry "RUS"]
[SourceTitle "playchess.com"]
[Source "ChessBase"]
[SourceQuality "1"]

{[%evp 12,49,18,25,16,18,33,14,37,-28,-28,-47,-29,-37,-16,-18,-14,-66,14,-33,-41,-97,-92,-90,-100,-138,8,0,188,193,218,196,727,733,761,760,745,736,814,792]} 1. d4 Nf6 2. c4 e6 3. g3 d5 4. Nf3 Be7 5. Bg2 O-O 6. O-O dxc4 7. Qc2 b6 {E05: Open Catalan: 5 Nf3 Be7.} 8. Bg5 Nd5 9. Bxe7 Qxe7 {The position is equal.} 10. Na3 {[#]} (10. Nbd2 $14) 10... c3 $1 $11 {[%mdl 512]} 11. e4 (11. bxc3 Qxa3) 11... cxb2 12. Qxb2 Nb4 {[#]} 13. Nc4 $146 ({Predecessor:} 13. Rfd1 Bb7 14. Ne5 Rd8 15. Rac1 N8a6 16. Nac4 f6 17. Ng4 c5 18. a3 Nc6 19. d5 exd5 20. exd5 {0-1 (73) Unuk,L (2346)-Vaibhav,S (2544) Reykjavik 2018}) 13... Ba6 14. Nfd2 (14. Qb3 $11) 14... c5 ({Black should try} 14... Rd8 $15 15. Rfd1 N8c6) 15. a3 N4c6 $1 {[%cal Rc6d4]} 16. dxc5 ({Better is} 16. e5 $1 $15) 16... Qxc5 $17 17. Rfc1 Nd4 {Strongly threatening ...Ne2+.} 18. Kh1 {Threatens to win with Ne3.} e5 (18... Nbc6 $17 {White must now prevent ...Ne2.} 19. Rc3 f6) 19. f4 f6 $2 (19... exf4 $11 20. e5 {[#]} f3 $1 {[%mdl 512]} 21. Nxf3 Nxf3 22. Bxf3 Bxc4 23. Bxa8 Nd7) 20. Nxe5 $1 $18 Qe7 21. Qxd4 fxe5 $2 (21... Rd8 22. Qb4 Qxb4 23. axb4 fxe5) 22. Qd5+ {[%mdl 64] Double Attack. White is clearly winning.} Kh8 23. Qxa8 exf4 24. gxf4 Rd8 25. e5 {Av CentiPawn Loss W=-19/B=-62. Weighted=-22/-111} 1-0

[Event "Satka Autumn 2020"]
[Site "Satka"]
[Date "2020.10.25"]
[Round "5.4"]
[White "Maltsevskaya, Aleksandra"]
[Black "Khokhlova, Daria"]
[Result "1/2-1/2"]
[WhiteElo "2260"]
[BlackElo "2168"]
[Annotator "TA"]
[PlyCount "81"]
[EventDate "2020.10.21"]
[EventType "swiss"]
[EventCountry "RUS"]
[SourceTitle "playchess.com"]
[Source "ChessBase"]
[SourceQuality "1"]

{[%evp 18,81,31,34,17,18,42,20,56,61,63,63,107,126,125,120,144,140,152,132,133,50,43,66,61,27,33,66,67,0,10,0,0,0,0,0,0,0,81,25,25,25,86,0,0,0,0,0,0,-3,0,0,0,0,0,0,0,0,0,0,0,0,0,0,0,0]} 1. d4 Nf6 2. Nf3 e6 3. g3 c5 4. Bg2 d5 5. O-O Nc6 6. c4 dxc4 7. Qa4 Bd7 8. dxc5 Bxc5 9. Qxc4 Qb6 10. Nc3 Na5 {E04: Open Catalan: 5 Nf3.} 11. Qh4 Be7 12. e4 {[#]} Rc8 $146 ({Predecessor:} 12... Bc6 13. Qf4 O-O 14. Rb1 Rfc8 15. Be3 Qa6 16. b4 Be8 17. b5 e5 18. Nxe5 Qe6 {1-0 (34) Sahovic,D (2485)-Dimovski,N Skender Vakuf (Knezevo) 1980}) 13. e5 Nd5 14. Bg5 Bxg5 15. Nxg5 Nxc3 16. bxc3 {Black must now prevent Qh5.} h6 {[#]} 17. Ne4 $1 {[%cal Re4d6] Nd6+ is the strong threat.} Nc4 18. Rab1 Qd8 19. Rxb7 (19. Qf4 $16 b6 20. Rfd1) 19... Qxh4 $14 20. gxh4 {aiming for Rd1.} Bc6 $1 {[%cal Rc6b7]} 21. Nf6+ gxf6 22. Bxc6+ Kf8 23. Bd7 (23. exf6 $14 Rg8+ 24. Bg2) 23... Rg8+ 24. Kh1 Rd8 25. exf6 {[#] Strongly threatening Rfb1.} Rg6 $1 26. Rxa7 Rxf6 27. Bb5 Nd6 (27... Nd2 $1 $11 28. Rd1 Rxf2) 28. Rd7 (28. a4 $16) 28... Rxd7 $11 29. Bxd7 {[%mdl 4096] Endgame KRB-KRN} Ne4 (29... Rf3 $11) 30. Bc6 ({White should try} 30. a4 $16) 30... Nxc3 {The position is equal.} 31. a4 {Threatens to win with a5.} e5 32. Bb5 Rf4 33. Re1 Nxa4 34. Bxa4 Rxa4 35. Rxe5 Rxh4 {KR-KR} 36. Kg2 Kg7 37. Kg3 Ra4 38. Rb5 Rc4 39. Rd5 Ra4 40. Rd3 Rb4 41. Re3 {Av CentiPawn Loss W=-11/B=-8. Weighted=-16/-8} 1/2-1/2

[Event "Satka Autumn 2020"]
[Site "Satka"]
[Date "2020.10.25"]
[Round "5.5"]
[White "Zherebtsova, Alexandra"]
[Black "Dubnikova, Anastasia"]
[Result "0-1"]
[WhiteElo "2225"]
[BlackElo "2148"]
[Annotator "TA"]
[PlyCount "62"]
[EventDate "2020.10.21"]
[EventType "swiss"]
[EventCountry "RUS"]
[SourceTitle "playchess.com"]
[Source "ChessBase"]
[SourceQuality "1"]

{[%evp 12,62,34,38,44,44,70,44,65,56,89,61,52,31,43,50,56,4,7,2,0,10,11,7,33,32,39,0,23,-14,-6,-263,-256,-239,-239,-367,-390,-388,-396,-388,-392,-959,-910,-1485,-1474,-1484,-1344,-29986,-29987,-29987,-29988,-29988,-29988]} 1. d4 Nf6 2. c4 e6 3. Nc3 Bb4 4. e3 c5 5. Nge2 O-O 6. a3 Bxc3+ 7. Nxc3 b6 {E46: Nimzo-Indian: Rubinstein: 4 e3 0-0 5 Ne2 without early Bd3.} 8. Be2 Bb7 9. O-O d6 {White is slightly better.} 10. b4 Nbd7 11. Bb2 Qe7 {[#]} 12. dxc5 $146 ({Predecessor:} 12. Qb3 Rab8 13. Rfd1 Rfc8 14. dxc5 dxc5 15. Nb5 a6 16. Nd6 Rc7 17. Nxb7 Rcxb7 18. Bf3 {1-0 (46) Wallis,C (2362)-Cloudsdale,C (1992) Ballarat 2015}) 12... bxc5 13. Nb5 d5 14. Qb3 ({White should try} 14. Rc1 $14) 14... a6 {White must now prevent ...dxc4.} 15. Nc3 d4 16. Na4 e5 17. Rfe1 Rab8 18. exd4 cxd4 19. Bf1 Ne4 20. Qc2 (20. Qd3 $5 {[%cal Re1e4]} f5 21. f3 $11) 20... Qh4 21. g3 $2 {[%mdl 8192] [#] Loses the game.} (21. c5 $11 {and White is okay.}) 21... Ng5 $1 $19 {[%cal Rg5f3][%mdl 512]} 22. Bg2 (22. gxh4 $2 {perishes.} Nf3+ 23. Kh1 Nxe1+ 24. Kg1 Nxc2 $19) ({Avoid the trap} 22. Qf5 $2 Qh5 $19) 22... Qg4 $40 {[%mdl 128] And now ...Bxg2 would win. White is in trouble.} 23. Qe2 (23. Bxb7 {was the only chance.} Rxb7 24. c5) 23... Bf3 24. Bxf3 Nxf3+ 25. Kh1 f5 26. Red1 $2 (26. Kg2 Nxe1+ 27. Rxe1) 26... e4 27. Rg1 {[#]} Qh3 $1 {[%csl Gf3][%cal Rh3h2][%mdl 512]} 28. Rg2 Nde5 {[%cal Bd7e5,Be5g4,Bg4h2][%mdl 32] ( -> ...Ng4)} 29. Nc5 Ng4 {Black mates.} 30. Nxe4 fxe4 31. Qxe4 Ngxh2 {Av CentiPawn Loss W=-112/B=-13. Weighted=-110/-12} 0-1